000 00511nam a2200181Ia 4500
008 121001t2003 xxu||||| |||| 00| 0 sin d
041 _asin
080 _ax 8 S 3 (Youth)
_bBLY
100 _aBlyton,Enid
245 _aදුම් නැවකින් දුර ගමනක්
246 _aDum Nawakin Dura Gamanak
260 _aTharanga Publishers
_aMudungoda
_c2003
300 _b103p, 18 cm
700 _aRohan,Sudath
_etr.
942 _cBK
999 _c40629
_d40629
003 LK-CoDNM
040 _aLK-CoDNM
_dLK-CoDNM
_eLK-CoDNM